|
|
|
|
| LEADER |
00991nam a2200205 a 4500 |
| 001 |
28915 |
| 003 |
BD-DhAAL |
| 005 |
20150301094248.0 |
| 008 |
150301s2003 bg 000 1 ben |
| 040 |
|
|
|a BD-DhAAL
|c BD-DhAAL
|
| 082 |
0 |
0 |
|a 891.44371
|2 22
|
| 100 |
1 |
|
|a বিদ্যাসাগর, ঈশ্বরচন্দ্র
|9 8827
|
| 245 |
1 |
0 |
|a বিদ্যাসাগর রচনাবলীঃ
|c ঈশ্বরচন্দ্র বিদ্যাসাগর
|b দ্বিতীয় খণ্ড /
|
| 260 |
|
|
|a ঢাকা :
|b আল মাহদী প্রকাশনী,
|c ২০০৩
|
| 300 |
|
|
|a ১১৭২ পৃ. ;
|c ২২ সে.মি.
|
| 541 |
|
|
|e 28915
|
| 650 |
|
0 |
|a Bangladesh
|v Fiction.
|9 8828
|
| 942 |
|
|
|2 ddc
|c BK
|
| 999 |
|
|
|c 33815
|d 33815
|
| 952 |
|
|
|0 0
|1 0
|2 ddc
|4 0
|6 891_443710000000000_BID
|7 0
|9 52800
|a BRACUL
|b BRACUL
|c GEN
|d 2015-03-01
|e BRAC Institute of Language (BIL)
|l 0
|o 891.44371 BID
|p 3010028915
|r 2015-03-01
|t 1
|w 2015-03-01
|y BK
|x Transferred from BIL to BRACUL on 06/06/22
|